LEADER 00966nam0-22003011i-450- 001 990001099110403321 035 $a000109911 035 $aFED01000109911 035 $a(Aleph)000109911FED01 035 $a000109911 100 $a20000920d1965----km-y0itay50------ba 101 0 $aeng 200 1 $aAdvances in machine tool design and research$eProceedings of the 5th International M.T.D.R. Conference University of Birmingham, September 1964$fEdited by S.A. Tobias and F. Koenigsberger 210 $aOxford [etc.]$cPergamon Press$d1965 215 $avi, 586 p.$cill.$d25 cm 610 0 $aIngegneria 610 0 $aTecnica 676 $a620 700 1$aTobias,$bStephen Albert$052343 702 1$aKoenigsberger,$bFranz 801 0$aIT$bUNINA$gRICA$2UNIMARC 901 $aBK 912 $a990001099110403321 952 $a40-071$b17228$fFI1 959 $aFI1 996 $aAdvances in machine tool design and research$9338015 997 $aUNINA DB $aING01 LEADER 01192nam0 22003253i 450 001 LO10561479 005 20231121125522.0 010 $a8420633135 010 $a8420633232 100 $a20181213d1997 ||||0itac50 ba 101 | $aspa 102 $aes 181 1$6z01$ai $bxxxe 182 1$6z01$an 200 1 $aAbel Sanchez$fMiguel de Unamuno$gintroduccion de Luciano Gonzalez Egido 210 $aMadrid$cAlianza$d1997 215 $a179 p.$d18 cm. 225 | $a˜El œlibro de bolsillo. Biblioteca de autor$v87 410 0$1001VIA0068718$12001 $a˜El œlibro de bolsillo. Biblioteca de autor$v87 700 1$aUnamuno$b, Miguel : de$3CFIV021134$4070$0156134 702 1$aEgido$b, Luciano G.$3TO0V259389 790 1$aUnamuno y Jugo$b, Miguel : de$f <1864-1936>$3USMV618374$zUnamuno, Miguel : de 801 3$aIT$bIT-01$c20181213 850 $aIT-FR0017 899 $aBiblioteca umanistica Giorgio Aprea$bFR0017 $eN 912 $aLO10561479 950 0$aBiblioteca umanistica Giorgio Aprea$d 52MAG 1/2349$e 52FLS0000137755 VMB RS $fA $h20181213$i20181213 977 $a 52 996 $aAbel Sánchez$9102403 997 $aUNICAS